000 00593nam a2200229Ia 4500
003 OSt
005 20221007072920.0
006 a|||||r|||| 00| 0
007 ta
008 221006b |||||||| |||| 00| 0 eng d
024 _a24,544
037 _cTextual
040 _aFLL
_cFLL
_beng
041 _2eng
_aeng
082 _aZ2qM9, C4
100 _aLely J.M.
_9691627
245 0 _aAnnual statutes 1906
260 _aLondon
_bSweet and Maxwell, Ltd. England
_c1907
300 _ax,785-1004p
_ccm.
942 _hZ2qM9, C4
_cTEXL
_2CC
999 _c1147278
_d1147278